[Event "Aragon-chT Honor I"]
[Site "Spain"]
[Date "2011.02.05"]
[Round "1.4"]
[White "Ramiro Ovejero, Juan Luis"]
[Black "Ruiz Diez, Julio Cesar"]
[Result "0-1"]
[WhiteElo "2365"]
[BlackElo "2257"]
[PlyCount "73"]
[EventDate "2011.02.05"]
[EventType "team-tourn"]
[EventRounds "7"]
[EventCountry "ESP"]
[SourceTitle "EXT 2013"]
[Source "ChessBase"]
[SourceDate "2012.11.22"]
[SourceVersion "1"]
[SourceVersionDate "2012.11.22"]
[SourceQuality "1"]
[WhiteTeam "Jaime Casas"]
[BlackTeam "IberCaja"]
[WhiteTeamCountry "ESP"]
[BlackTeamCountry "ESP"]

1. e4 c5 2. b3 e6 3. Bb2 d6 4. f4 Nf6 5. Nc3 Be7 6. Nf3 Nc6 7. Bb5 Bd7 8. 0-0 0-0 9. e5 dxe5 10. fxe5 Ng4 11. Qe1 Nb4 12. Qe4 Bxb5 13. Nxb5 Nh6 14. a3 Nc6 15. Kh1 a6 16. Nd6 Bxd6 17. exd6 Nf5 18. Ne5 Qxd6 19. Nxc6 bxc6 20. d3 Qd5 21. Rae1 Rfd8 22. Qf4 Rd7 23. Re5 Qd6 24. Qe4 Nd4 25. Bxd4 cxd4 26. b4 a5 27. Rxa5 Rxa5 28. bxa5 Ra7 29. Rb1 g6 30. Rb6 Rxa5 31. Rxc6 Qxa3 32. Rc8+ Kg7 33. h3 Qd6 34. Ra8 Re5 35. Qh4 Re2 36. Rd8 Qe5 37. g4 0-1

[Event "Aragon-chT Preferente"]
[Site "Spain"]
[Date "2010.02.27"]
[Round "6.25"]
[White "Hernandez Delgado, Gabriel"]
[Black "Ruiz Diez, Julio Cesar"]
[Result "0-1"]
[WhiteElo "2004"]
[BlackElo "2296"]
[PlyCount "74"]
[EventDate "2010.01.23"]
[EventType "team-swiss"]
[EventRounds "12"]
[EventCountry "ESP"]
[SourceTitle "EXT 2013"]
[Source "ChessBase"]
[SourceDate "2012.11.22"]
[SourceVersion "1"]
[SourceVersionDate "2012.11.22"]
[SourceQuality "1"]
[WhiteTeam "El Olivar III"]
[BlackTeam "IberCaja VI"]
[WhiteTeamCountry "ESP"]
[BlackTeamCountry "ESP"]

1. Nf3 d5 2. g3 Nf6 3. Bg2 e6 4. 0-0 Be7 5. d3 0-0 6. Nbd2 c5 7. e4 Nc6 8. Re1 b5 9. e5 Nd7 10. Nf1 Bb7 11. h4 Qb6 12. h5 Rae8 13. h6 g6 14. Bh3 d4 15. N1h2 Nb4 16. Bg5 Qc6 17. Bxe7 Rxe7 18. a3 Nd5 19. Qd2 f6 20. Bg2 Nc7 21. Nh4 Qb6 22. Bxb7 Qxb7 23. f4 fxe5 24. fxe5 Ref7 25. Ng4 Nd5 26. Re4 Ne7 27. Rf4 Nf5 28. Qg2 Qxg2+ 29. Nxg2 Nxg3 30. Rxf7 Rxf7 31. Re1 Rf5 32. Kh2 Nf1+ 33. Kg1 Nd2 34. Nh2 Nxe5 35. Nh4 Rh5 36. Kg2 Rxh4 37. Rxe5 Rxh2+ 0-1

[Event "ESP Autonomico-chT"]
[Site "Spain"]
[Date "2006.02.18"]
[Round "3.6"]
[White "Sarto Ramos, Angel"]
[Black "Ruiz Diez, Julio Cesar"]
[Result "1/2-1/2"]
[WhiteElo "2095"]
[BlackElo "2319"]
[PlyCount "37"]
[EventDate "2006.02.04"]
[EventType "team-tourn"]
[EventRounds "9"]
[EventCountry "ESP"]
[SourceTitle "EXT 2007"]
[Source "ChessBase"]
[SourceDate "2006.11.23"]
[SourceVersion "1"]
[SourceVersionDate "2006.11.23"]
[SourceQuality "1"]

1. d4 Nf6 2. Nf3 d5 3. e3 e6 4. Nbd2 Be7 5. Bd3 0-0 6. 0-0 b6 7. Qe2 c5 8. c3 Bb7 9. e4 dxe4 10. Nxe4 cxd4 11. Nxd4 Qd5 12. f3 Nc6 13. Nxc6 Qxc6 14. Nxf6+ Bxf6 15. Be4 Qc7 16. Bxb7 Qxb7 17. Bf4 Qd5 18. Rfd1 Qf5 19. Qe4 1/2-1/2

[Event "Autonomico-chT"]
[Site "Aragon"]
[Date "2005.04.02"]
[Round "9.2"]
[White "Ruiz Diez, Julio Cesar"]
[Black "Llorente Zaro, Alfonso"]
[Result "1/2-1/2"]
[WhiteElo "2316"]
[BlackElo "2304"]
[PlyCount "100"]
[EventDate "2005.01.22"]
[EventType "team-tourn"]
[EventRounds "12"]
[EventCountry "ESP"]
[SourceTitle "EXT 2006"]
[Source "ChessBase"]
[SourceDate "2005.11.24"]
[SourceVersion "1"]
[SourceVersionDate "2005.11.24"]
[SourceQuality "1"]

1. e4 e5 2. Nf3 Nc6 3. Nc3 Nf6 4. d3 Bb4 5. Bg5 d6 6. Be2 h6 7. Bd2 Be6 8. 0-0 Qe7 9. a3 Ba5 10. b4 Bb6 11. Na4 0-0 12. c4 Bg4 13. Rc1 Bxf3 14. Bxf3 Bd4 15. Be3 Nh7 16. Nc3 Bxc3 17. Rxc3 Ng5 18. b5 Nd4 19. Bxd4 exd4 20. Rb3 Ne6 21. Bg4 Nc5 22. Rb2 b6 23. f4 a6 24. a4 axb5 25. axb5 Ra3 26. Rd2 Rfa8 27. Qf3 Ra1 28. Rxa1 Rxa1+ 29. Rd1 Ra3 30. Qf1 Qd8 31. Be2 Qa8 32. f5 f6 33. Qf3 Ra1 34. h3 Qa3 35. Rxa1 Qxa1+ 36. Kh2 Nd7 37. Qh5 Qa8 38. Qf3 Ne5 39. Qf1 Qa2 40. Qd1 Kf8 41. Bh5 Ke7 42. Be2 Kd7 43. Kg1 Qb2 44. Bh5 Ke7 45. Be2 Nd7 46. Bf1 Nc5 47. Be2 Nb3 48. Bf1 Nd2 49. Be2 Qb1 50. Qxb1 Nxb1 1/2-1/2

[Event "Aragon-chT"]
[Site "Spain"]
[Date "2004.??.??"]
[Round "?"]
[White "Ruiz Diez, Julio Cesar"]
[Black "Baron Rodriguez, Jorge"]
[Result "1/2-1/2"]
[WhiteElo "2309"]
[BlackElo "2387"]
[PlyCount "44"]
[EventDate "2004.01.??"]
[EventType "team-tourn"]
[EventRounds "11"]
[EventCountry "ESP"]
[SourceTitle "EXT 2006"]
[Source "ChessBase"]
[SourceDate "2005.11.24"]
[SourceVersion "1"]
[SourceVersionDate "2005.11.24"]
[SourceQuality "1"]

1. e4 c5 2. Nf3 d6 3. d4 Nf6 4. dxc5 Nxe4 5. cxd6 Nc6 6. Bd3 Nxd6 7. 0-0 g6 8. c3 Bg7 9. Na3 0-0 10. Nc4 Bg4 11. Nxd6 Qxd6 12. Be4 Qc7 13. h3 Be6 14. Qe2 Rfd8 15. Ng5 Bd5 16. Re1 e6 17. Bxd5 exd5 18. Nf3 d4 19. cxd4 Nxd4 20. Nxd4 Rxd4 21. Be3 Rd5 22. Rac1 Qd7 1/2-1/2

[Event "Aragon-chT"]
[Site "Aragon"]
[Date "2003.03.15"]
[Round "8"]
[White "Ruiz Diez, Julio Cesar"]
[Black "Lafarga Santorroman, David"]
[Result "1/2-1/2"]
[WhiteElo "2233"]
[BlackElo "2271"]
[PlyCount "45"]
[EventDate "2003.02.??"]
[EventType "team"]
[EventRounds "9"]
[EventCountry "ESP"]
[SourceTitle "EXT 2004"]
[Source "ChessBase"]
[SourceDate "2003.11.25"]
[SourceVersion "1"]
[SourceVersionDate "2003.11.25"]
[SourceQuality "1"]

1. e4 e5 2. d4 exd4 3. Qxd4 Nc6 4. Qe3 Nf6 5. Nc3 Bb4 6. Bd2 0-0 7. 0-0-0 Re8 8. f3 d6 9. h4 Ne5 10. g4 Be6 11. a3 Bc5 12. Qf4 Bc4 13. Nh3 Bxf1 14. Rdxf1 Nc4 15. Qh2 Nxd2 16. Qxd2 a5 17. Nf4 c6 18. g5 Nd7 19. Nd3 b5 20. Nb1 Qb6 21. Nxc5 Nxc5 22. h5 d5 23. g6 1/2-1/2

[Event "Barcelona sim"]
[Site "Barcelona"]
[Date "2002.06.19"]
[Round "?"]
[White "Kramnik, Vladimir"]
[Black "Ruiz Diez, Julio Cesar"]
[Result "1/2-1/2"]
[WhiteElo "2809"]
[BlackElo "2234"]
[PlyCount "82"]
[EventDate "2002.06.19"]
[EventType "simul"]
[EventRounds "1"]
[EventCountry "ESP"]
[SourceTitle "CBM 088 Extra"]
[Source "ChessBase"]
[SourceDate "2002.07.01"]
[SourceVersion "2"]
[SourceVersionDate "2002.07.01"]
[SourceQuality "1"]

1. Nf3 d5 2. d4 Nf6 3. c4 e6 4. Nc3 Be7 5. Bg5 0-0 6. e3 Nbd7 7. Qc2 c5 8. Rd1 cxd4 9. Nxd4 h6 10. Bh4 a6 11. Be2 dxc4 12. Bxc4 Qe8 13. Be2 Ne5 14. Bg3 Nc6 15. Nxc6 Qxc6 16. Bf3 Qb6 17. Qb3 Qxb3 18. axb3 a5 19. 0-0 Ra6 20. Bc7 Ne8 21. Bd8 Bxd8 22. Rxd8 Nd6 23. Rxf8+ Kxf8 24. Ra1 Bd7 25. Kf1 Ke7 26. Ke1 b6 27. Na4 Bxa4 28. bxa4 Ra7 29. Rc1 b5 30. axb5 Nxb5 31. Ra1 Kd6 32. Ra4 Kc5 33. h4 Kb6 34. h5 Rc7 35. Kd2 Nd6 36. Be2 e5 37. Bd3 f6 38. f3 Rd7 39. Ke2 Rc7 40. Ra3 Rc1 41. Ra4 Rc7 1/2-1/2

[Event "Aragon op"]
[Site "Aragon"]
[Date "2002.??.??"]
[Round "6"]
[White "Ruiz Diez, Julio Cesar"]
[Black "Roche Simon, Manuel Angel"]
[Result "1-0"]
[WhiteElo "2233"]
[BlackElo "2196"]
[PlyCount "57"]
[EventDate "2002.??.??"]
[EventType "swiss"]
[EventRounds "9"]
[EventCountry "ESP"]
[SourceTitle "EXT 2007"]
[Source "ChessBase"]
[SourceDate "2006.11.23"]
[SourceVersion "1"]
[SourceVersionDate "2006.11.23"]
[SourceQuality "1"]

1. e4 c5 2. Nf3 Nc6 3. Bb5 g6 4. 0-0 Bg7 5. c3 e5 6. b3 Nge7 7. a4 0-0 8. Na3 a6 9. Bxc6 Nxc6 10. Nc4 f5 11. d3 d6 12. Bb2 Be6 13. Qe2 Qe7 14. Nfd2 f4 15. Nb6 Rad8 16. Ba3 Qh4 17. Nd5 a5 18. Rab1 g5 19. f3 Bxd5 20. exd5 Ne7 21. Qe4 Nf5 22. b4 b6 23. bxa5 bxa5 24. Rb7 Rf6 25. Rfb1 Ne3 26. Nf1 Rh6 27. h3 Nxf1 28. Kxf1 g4 29. Qf5 1-0

[Event "Aragon-ch"]
[Site "Aragon"]
[Date "1998.??.??"]
[Round "?"]
[White "Fernandez Urrutia Polo, Luis"]
[Black "Ruiz Diez, Julio Cesar"]
[Result "0-1"]
[WhiteElo "2175"]
[BlackElo "2225"]
[PlyCount "146"]
[EventDate "1998.??.??"]
[EventType "swiss"]
[EventRounds "9"]
[EventCountry "ESP"]
[SourceTitle "EXT 2003"]
[Source "ChessBase"]
[SourceDate "2002.11.25"]
[SourceVersion "1"]
[SourceVersionDate "2002.11.25"]
[SourceQuality "1"]

1. e4 c5 2. Nf3 e6 3. d4 cxd4 4. Nxd4 Nc6 5. Nc3 a6 6. Be2 Qc7 7. Be3 Nf6 8. 0-0 Be7 9. f4 d6 10. Bf3 0-0 11. Qe1 Bd7 12. Kh1 Rac8 13. Qg3 b5 14. Rf2 b4 15. Nce2 Kh8 16. Raf1 e5 17. Nb3 Be6 18. fxe5 dxe5 19. Nec1 Bc4 20. Nd3 Rfd8 21. Nbc1 a5 22. Bg5 Rb8 23. b3 Ba6 24. h4 h6 25. Bxf6 Bxf6 26. Bh5 Rd6 27. Qe3 Qe7 28. g4 Nd4 29. Rg1 g5 30. hxg5 hxg5 31. Rh2 Kg7 32. Nc5 Ne6 33. Nxe6+ Qxe6 34. Nd3 Rd4 35. Nc5 Qc6 36. Nxa6 Qxa6 37. Rf2 Rbd8 38. Rgf1 R8d6 39. Rf5 Qc6 40. Rxg5+ Bxg5 41. Qxg5+ Kh8 42. Qxe5+ f6 43. Rxf6 Rxf6 44. Qxd4 Kh7 45. g5 Rf1+ 46. Kg2 Rf4 47. Qa7+ Kg8 48. Bf3 Qxc2+ 49. Kg3 Rf7 50. Qxa5 Qc3 51. Qd8+ Kg7 52. Qd1 Qe5+ 53. Kf2 Qxe4 54. g6 Qh4+ 55. Kg2 Qg5+ 56. Kf2 Kxg6 57. Qd6+ Qf6 58. Qg3+ Kh7 59. Qh3+ Qh6 60. Qxh6+ Kxh6 61. Ke3 Kg5 62. Bd5 Rc7 63. Bc4 Kf5 64. Kd3 Ke5 65. Kc2 Rh7 66. a4 bxa3 67. Kb1 Rh2 68. Ka1 Kd4 69. Bf7 Kc3 70. b4 Kxb4 71. Bg6 a2 72. Bc2 Ka3 73. Bd1 Rg2 0-1

[Event "Aragon-ch"]
[Site "Aragon"]
[Date "1998.??.??"]
[Round "?"]
[White "Ruiz Diez, Julio Cesar"]
[Black "Guzman Moneo, Alberto"]
[Result "1/2-1/2"]
[WhiteElo "2225"]
[BlackElo "2180"]
[PlyCount "87"]
[EventDate "1998.??.??"]
[EventType "swiss"]
[EventRounds "9"]
[EventCountry "ESP"]
[SourceTitle "EXT 2003"]
[Source "ChessBase"]
[SourceDate "2002.11.25"]
[SourceVersion "1"]
[SourceVersionDate "2002.11.25"]
[SourceQuality "1"]

1. d4 d5 2. Nf3 e6 3. c3 Bd6 4. Bg5 Ne7 5. Nbd2 f5 6. e3 Nd7 7. Bd3 0-0 8. 0-0 e5 9. dxe5 Nxe5 10. Nxe5 Bxe5 11. Nf3 Bd6 12. c4 dxc4 13. Bxc4+ Kh8 14. Qb3 Qe8 15. Bf4 Nc6 16. Bxd6 cxd6 17. Bd5 Ne5 18. Rad1 Rf6 19. Rfe1 Rb8 20. Qc3 Qe7 21. e4 f4 22. Rc1 Bg4 23. Nxe5 dxe5 24. f3 Bd7 25. Qc7 Qd6 26. Red1 Qxc7 27. Rxc7 Rd6 28. Rdc1 h6 29. R1c2 Be6 30. Bxe6 Rxe6 31. Rd7 Rc6 32. Rxc6 bxc6 33. b3 a5 34. Ra7 Rb5 35. g3 fxg3 36. hxg3 Rc5 37. Rc7 Rc2 38. Re7 Rc5 39. Kg2 Kg8 40. Kh3 Kh7 41. Kg4 Kg6 42. f4 Kf6 43. Rc7 g6 44. Rc8 1/2-1/2

[Event "Aragon-ch"]
[Site "Aragon"]
[Date "1998.??.??"]
[Round "?"]
[White "Ruiz Diez, Julio Cesar"]
[Black "Huguet Mainar, Sergio"]
[Result "1/2-1/2"]
[WhiteElo "2225"]
[BlackElo "2070"]
[PlyCount "51"]
[EventDate "1998.??.??"]
[EventType "swiss"]
[EventRounds "9"]
[EventCountry "ESP"]
[SourceTitle "EXT 2003"]
[Source "ChessBase"]
[SourceDate "2002.11.25"]
[SourceVersion "1"]
[SourceVersionDate "2002.11.25"]
[SourceQuality "1"]

1. e4 c5 2. Nf3 e6 3. d4 cxd4 4. Nxd4 a6 5. Nc3 b5 6. a3 Bb7 7. Bd3 Qc7 8. 0-0 Nf6 9. Bg5 Be7 10. Qe2 d6 11. Kh1 Nc6 12. Nxc6 Bxc6 13. Rae1 Rc8 14. Bc1 Nd7 15. f4 Nc5 16. f5 0-0 17. Qg4 exf5 18. exf5 Bf6 19. Ne2 Nxd3 20. cxd3 Rfe8 21. Nf4 Rxe1 22. Rxe1 Re8 23. Rf1 Qe7 24. Nh5 Kh8 25. Nxf6 gxf6 26. Qd4 1/2-1/2

[Event "Aragon-ch"]
[Site "Aragon"]
[Date "1998.??.??"]
[Round "?"]
[White "Ruiz Diez, Julio Cesar"]
[Black "Laliena Solanes, Luis M"]
[Result "1/2-1/2"]
[WhiteElo "2225"]
[BlackElo "2110"]
[PlyCount "82"]
[EventDate "1998.??.??"]
[EventType "swiss"]
[EventRounds "9"]
[EventCountry "ESP"]
[SourceTitle "EXT 2003"]
[Source "ChessBase"]
[SourceDate "2002.11.25"]
[SourceVersion "1"]
[SourceVersionDate "2002.11.25"]
[SourceQuality "1"]

1. d4 Nf6 2. Nf3 e6 3. Bg5 Be7 4. e3 h6 5. Bh4 b6 6. Bd3 Bb7 7. Nbd2 d5 8. 0-0 Ne4 9. Bxe7 Qxe7 10. Ne5 Nxd2 11. Qxd2 0-0 12. f4 Nd7 13. Qe2 Nxe5 14. fxe5 f6 15. exf6 Rxf6 16. Rxf6 Qxf6 17. Rf1 Qe7 18. Qf3 Rd8 19. c3 Bc6 20. h4 Be8 21. h5 c5 22. Bb1 Rd7 23. Qe2 Qg5 24. Qd3 Rf7 25. Rxf7 Bxf7 26. dxc5 bxc5 27. b4 cxb4 28. cxb4 Bxh5 29. Qc3 Bg6 30. Qc8+ Kh7 31. Bxg6+ Qxg6 32. Qd7 a6 33. b5 axb5 34. Qxb5 Qe4 35. Kf2 Qc2+ 36. Qe2 Qf5+ 37. Kg1 Qb1+ 38. Kh2 Qe4 39. Qf3 Qe5+ 40. Qg3 Qb2 41. a4 Qa3 1/2-1/2

[Event "Juvenil op"]
[Site "Spain"]
[Date "1997.??.??"]
[Round "1"]
[White "Garrido Fernandez, Daniel"]
[Black "Ruiz Diez, Julio Cesar"]
[Result "1-0"]
[WhiteElo "2285"]
[BlackElo "2035"]
[PlyCount "45"]
[EventDate "1997.??.??"]
[EventType "swiss"]
[EventRounds "8"]
[EventCountry "ESP"]
[SourceTitle "EXT 1999"]
[Source "ChessBase"]
[SourceDate "1998.11.16"]
[SourceVersion "1"]
[SourceVersionDate "1998.11.16"]
[SourceQuality "1"]

1. e4 c5 2. Nf3 d6 3. c3 Nf6 4. Be2 Nc6 5. d4 cxd4 6. cxd4 e6 7. Nc3 Be7 8. 0-0 0-0 9. Bf4 a6 10. a4 Qc7 11. Rc1 e5 12. Bg3 Bg4 13. Nd5 Qd8 14. dxe5 dxe5 15. Nxe5 Nxe5 16. Bxe5 Bxe2 17. Qxe2 Nxd5 18. Rfd1 Qa5 19. exd5 Rfe8 20. Qg4 Bf8 21. Bc7 b6 22. d6 Bxd6 23. Bxd6 1-0

[Event "Ibercaja op"]
[Site "Zaragoza"]
[Date "1997.??.??"]
[Round "7"]
[White "Laliena Solanes, Luis M"]
[Black "Ruiz Diez, Julio Cesar"]
[Result "1-0"]
[WhiteElo "2095"]
[BlackElo "2235"]
[PlyCount "93"]
[EventDate "1997.04.??"]
[EventType "swiss"]
[EventRounds "9"]
[EventCountry "ESP"]
[SourceTitle "EXT 2001"]
[Source "ChessBase"]
[SourceDate "2000.11.22"]
[SourceVersion "1"]
[SourceVersionDate "2000.11.22"]
[SourceQuality "1"]

1. c4 e6 2. Nf3 d5 3. g3 Nf6 4. Bg2 Be7 5. 0-0 0-0 6. d4 b6 7. Nc3 Bb7 8. Ne5 Nbd7 9. Qa4 Nb8 10. Rd1 c6 11. e4 dxc4 12. Qxc4 Nfd7 13. Nd3 Na6 14. Be3 Rc8 15. b4 Bd6 16. e5 Be7 17. Qb3 Nc7 18. b5 Nb8 19. Nb4 Bxb4 20. Qxb4 Nd5 21. Nxd5 cxd5 22. Rdc1 Qd7 23. a4 Rxc1+ 24. Rxc1 Rc8 25. Qa3 Rxc1+ 26. Qxc1 Qc8 27. Bf1 Qxc1 28. Bxc1 Nd7 29. g4 g6 30. Ba3 Kg7 31. f4 Bc8 32. f5 Nb8 33. Bd6 Nd7 34. Bd3 Bb7 35. Kf2 Bc8 36. Kf3 Bb7 37. Kf4 Bc8 38. h3 h6 39. h4 Bb7 40. Be7 Bc8 41. Bf1 Kh7 42. Bh3 Kg8 43. fxe6 fxe6 44. g5 hxg5+ 45. Kxg5 Kf7 46. Bd6 a6 47. Bf1 1-0

[Event "Juvenil op"]
[Site "Spain"]
[Date "1997.??.??"]
[Round "3"]
[White "Perez, R."]
[Black "Ruiz Diez, Julio Cesar"]
[Result "1/2-1/2"]
[WhiteElo "1865"]
[BlackElo "2035"]
[PlyCount "115"]
[EventDate "1997.??.??"]
[EventType "swiss"]
[EventRounds "8"]
[EventCountry "ESP"]
[SourceTitle "EXT 1999"]
[Source "ChessBase"]
[SourceDate "1998.11.16"]
[SourceVersion "1"]
[SourceVersionDate "1998.11.16"]
[SourceQuality "1"]

1. e4 c5 2. Nc3 d6 3. g3 Nc6 4. Bg2 g6 5. d3 Bg7 6. f4 e6 7. Be3 Nge7 8. Nf3 0-0 9. 0-0 Rb8 10. Qd2 b5 11. a3 a5 12. Rab1 b4 13. axb4 axb4 14. Ne2 Ra8 15. c3 Ba6 16. g4 f5 17. exf5 exf5 18. g5 Re8 19. Rfe1 Kh8 20. d4 Nd5 21. Ng3 bxc3 22. bxc3 Qa5 23. Ra1 Qd8 24. dxc5 dxc5 25. Ne5 Nxe5 26. Qxd5 Nd3 27. Qxa8 Qxa8 28. Bxa8 Nxe1 29. Bxc5 Rxa8 30. Rxe1 Bxc3 31. Re7 Bg7 32. Ne2 Bf8 33. Bd4+ Kg8 34. Re6 Bc4 35. Re3 Rd8 36. Bb6 Rb8 37. Ba7 Rb7 38. Bd4 Rd7 39. Bb6 Rb7 40. Bd4 Rd7 41. Bb6 Rd6 42. Ba7 Ra6 43. Bd4 Ra4 44. Nc3 Rb4 45. Kf2 Ba6 46. Be5 Bc5 47. Nd5 Bxe3+ 48. Kxe3 Rb3+ 49. Kf2 Bb7 50. Nf6+ Kf7 51. Nxh7 Rh3 52. Nf6 Rxh2+ 53. Ke3 Bc6 54. Kd4 Ke6 55. Kc3 Re2 56. Bb8 Be4 57. Kd4 Rd2+ 58. Kc3 1/2-1/2

[Event "ESP-ch U18"]
[Site "Spain"]
[Date "1997.??.??"]
[Round "2"]
[White "Rodriguez Lopez, Jose Luis"]
[Black "Ruiz Diez, Julio Cesar"]
[Result "0-1"]
[WhiteElo "1985"]
[BlackElo "2235"]
[PlyCount "80"]
[EventDate "1997.??.??"]
[EventType "swiss"]
[EventRounds "9"]
[EventCountry "ESP"]
[SourceTitle "EXT 2001"]
[Source "ChessBase"]
[SourceDate "2000.11.22"]
[SourceVersion "1"]
[SourceVersionDate "2000.11.22"]
[SourceQuality "1"]

1. d4 Nf6 2. Nf3 d5 3. e3 e6 4. Bd3 Bd6 5. 0-0 0-0 6. b3 b6 7. Bb2 Bb7 8. Nbd2 Nbd7 9. Ne5 c5 10. f3 Qc7 11. f4 Ne4 12. g3 cxd4 13. exd4 f6 14. Nef3 h6 15. Qe2 f5 16. c4 Ndf6 17. Rac1 Qe7 18. Ne5 Kh7 19. cxd5 Bxd5 20. Ndc4 Rac8 21. Ne3 Ba8 22. Ba6 Rc7 23. Rc2 Rxc2 24. Qxc2 Ba3 25. Rc1 Bxb2 26. Qxb2 Nd5 27. Nxd5 Bxd5 28. Rc2 Ba8 29. Kf1 Qd6 30. Ke2 Nf6 31. Bb5 Qd5 32. Bc6 Bxc6 33. Nxc6 Qg2+ 34. Kd3 Qf3+ 35. Kd2 Ne4+ 36. Ke1 Qh1+ 37. Ke2 Qxh2+ 38. Kf1 Nxg3+ 39. Ke1 Qg1+ 40. Kd2 Qf2+ 0-1

[Event "Juvenil op"]
[Site "Spain"]
[Date "1997.??.??"]
[Round "7"]
[White "Ruiz Diez, Julio Cesar"]
[Black "Miret Montane, Jordi"]
[Result "1/2-1/2"]
[WhiteElo "2035"]
[BlackElo "2155"]
[PlyCount "36"]
[EventDate "1997.??.??"]
[EventType "swiss"]
[EventRounds "8"]
[EventCountry "ESP"]
[SourceTitle "EXT 1999"]
[Source "ChessBase"]
[SourceDate "1998.11.16"]
[SourceVersion "1"]
[SourceVersionDate "1998.11.16"]
[SourceQuality "1"]

1. e4 c6 2. d4 d5 3. exd5 cxd5 4. c4 Nf6 5. Nc3 Nc6 6. Nf3 g6 7. h3 Bg7 8. c5 0-0 9. Bb5 e6 10. 0-0 Ne7 11. Bf4 Bd7 12. b4 Ne4 13. Qd3 Bc6 14. a4 a5 15. Bxc6 Nxc6 16. b5 Nb4 17. Qe3 Nc2 18. Qd3 Nb4 1/2-1/2

[Event "Juvenil op"]
[Site "Spain"]
[Date "1997.??.??"]
[Round "8"]
[White "Ruiz Diez, Julio Cesar"]
[Black "Rodriguez, Jose Manuel"]
[Result "1/2-1/2"]
[WhiteElo "2035"]
[BlackElo "2180"]
[PlyCount "121"]
[EventDate "1997.??.??"]
[EventType "swiss"]
[EventRounds "8"]
[EventCountry "ESP"]
[SourceTitle "EXT 1999"]
[Source "ChessBase"]
[SourceDate "1998.11.16"]
[SourceVersion "1"]
[SourceVersionDate "1998.11.16"]
[SourceQuality "1"]

1. e4 c5 2. Nf3 e6 3. d4 cxd4 4. Nxd4 Nc6 5. Nc3 a6 6. Be3 Qc7 7. Bd3 d6 8. 0-0 Bd7 9. f4 Nf6 10. Qf3 Be7 11. Nxc6 Bxc6 12. a4 b6 13. g4 d5 14. Bd4 dxe4 15. Nxe4 Nxe4 16. Bxe4 Bxe4 17. Qxe4 0-0 18. Qe5 Qxe5 19. Bxe5 Rac8 20. Bc3 Rfd8 21. Rad1 Rxd1 22. Rxd1 Rc4 23. Rd7 Bc5+ 24. Kg2 h5 25. Kg3 hxg4 26. Kxg4 Be3 27. Be5 f6 28. Rc7 Rxa4 29. b3 Rb4 30. Bd6 Rd4 31. Kf3 Bg1 32. Rc6 Rd2 33. Bc7 Rxh2 34. Bxb6 Bxb6 35. Rxb6 Rxc2 36. Rxe6 Rc3+ 37. Kg4 Rxb3 38. Rxa6 Rb5 39. Rc6 Ra5 40. Rb6 Rc5 41. Ra6 Kh7 42. Ra7 Kg6 43. Ra6 Rc8 44. f5+ Kh6 45. Ra1 Rc4+ 46. Kf3 Kg5 47. Ra7 Kxf5 48. Rxg7 Rc3+ 49. Kf2 Kf4 50. Ra7 f5 51. Ra4+ Kg5 52. Ra8 Rb3 53. Ra7 Kg4 54. Ra2 f4 55. Rc2 Rh3 56. Rc8 Rh2+ 57. Kg1 Ra2 58. Rc3 Rb2 59. Ra3 f3 60. Ra8 Rg2+ 61. Kf1 1/2-1/2

[Event "Mondariz 03"]
[Site "Mondariz"]
[Date "1996.??.??"]
[Round "5"]
[White "Cubas Pons, Juan Miguel"]
[Black "Ruiz Diez, Julio Cesar"]
[Result "1-0"]
[WhiteElo "2165"]
[BlackElo "2215"]
[PlyCount "73"]
[EventDate "1996.03.??"]
[EventType "tourn"]
[EventRounds "9"]
[EventCountry "ESP"]
[EventCategory "4"]
[SourceTitle "EXT 2004"]
[Source "ChessBase"]
[SourceDate "2003.11.25"]
[SourceVersion "1"]
[SourceVersionDate "2003.11.25"]
[SourceQuality "1"]

1. Nf3 d5 2. d4 Nf6 3. c4 e6 4. Nc3 c6 5. Bg5 Be7 6. e3 0-0 7. Rc1 Nbd7 8. Bd3 b6 9. cxd5 exd5 10. 0-0 Bb7 11. Qe2 Re8 12. Rfd1 Ne4 13. Bxe4 Bxg5 14. Bd3 Bh6 15. Ba6 Qc8 16. Bd3 Qd8 17. Ba6 Qc8 18. Bxb7 Qxb7 19. b4 Rac8 20. b5 Bf4 21. bxc6 Qxc6 22. Qa6 Bd6 23. g3 Qa8 24. Nb5 Rxc1 25. Rxc1 Qb8 26. Rc6 Bf8 27. Rc7 Nf6 28. Ne5 Re7 29. Nc6 Qxc7 30. Nxc7 Rxc7 31. Nxa7 Rc1+ 32. Kg2 Rc2 33. Qa4 Rb2 34. Nc8 b5 35. Qa8 g6 36. Ne7+ Kg7 37. Nxd5 1-0